[Event "Titled Tuesday intern op 08th Mar Early"]
[Site "Chess.com INT"]
[Date "2022.03.08"]
[Round "4"]
[White "Barros Rivadeneira, Cristhian"]
[Black "Vifleemskaia, Svetlana"]
[Result "1-0"]
[WhiteElo "2343"]
[BlackElo "1926"]
[PlyCount "107"]
[EventDate "2022.03.08"]
[EventType "swiss (blitz)"]
[EventRounds "11"]
[EventCountry "USA"]
[SourceTitle "CBM 207 Extra"]
[Source "ChessBase"]
[SourceDate "2022.05.31"]
[SourceVersion "1"]
[SourceVersionDate "2022.05.31"]
[SourceQuality "1"]

1. c4 c5 2. Nc3 Nf6 3. g3 d5 4. cxd5 Nxd5 5. Bg2 Nc7 6. Nf3 Nc6 7. 0-0 e5 8. d3 Be7 9. a4 0-0 10. a5 a6 11. Nd2 Nd4 12. Nc4 f6 13. Nb6 Rb8 14. Nxc8 Qxc8 15. Na4 Qe6 16. Nb6 Nb3 17. Nd5 Nxd5 18. Qxb3 Rfd8 19. Be3 Nc7 20. Qa4 Nd5 21. Qc4 Kf7 22. Bd2 Nc7 23. Rfc1 Qxc4 24. Rxc4 Ne6 25. Be3 Nd4 26. Kf1 f5 27. Bxd4 exd4 28. Bf3 g6 29. Ra3 Ke6 30. Rb3 Bd6 31. Rxb7 Rxb7 32. Bxb7 Rb8 33. Bxa6 Ra8 34. Bb7 Rxa5 35. Bf3 Rb5 36. Rc2 Ra5 37. h4 Ra1+ 38. Kg2 h5 39. Rc4 Rb1 40. Ra4 Rxb2 41. Ra7 Rb8 42. Ra6 Ke5 43. Bc6 Rc8 44. Bf3 Rb8 45. Bc6 Rc8 46. Kf3 Rb8 47. Bd7 Rb7 48. Be8 Rg7 49. Rc6 Ke6 50. Ra6 Kd5 51. Bb5 Ke6 52. Bc4+ Ke5 53. Ra8 g5 54. Re8+ 1-0

[Event "Titled Tuesday intern op 08th Mar Early"]
[Site "Chess.com INT"]
[Date "2022.03.08"]
[Round "5"]
[White "Gombocz, Ferenc Jr"]
[Black "Barros Rivadeneira, Cristhian"]
[Result "1-0"]
[WhiteElo "2188"]
[BlackElo "2343"]
[PlyCount "71"]
[EventDate "2022.03.08"]
[EventType "swiss (blitz)"]
[EventRounds "11"]
[EventCountry "USA"]
[SourceTitle "CBM 207 Extra"]
[Source "ChessBase"]
[SourceDate "2022.05.31"]
[SourceVersion "1"]
[SourceVersionDate "2022.05.31"]
[SourceQuality "1"]

1. d4 Nf6 2. Nf3 g6 3. Nc3 c5 4. d5 Bg7 5. e4 d6 6. Bd3 0-0 7. 0-0 a6 8. a4 b6 9. Nd2 Bb7 10. Nc4 Nbd7 11. f4 Ne8 12. Bd2 Nc7 13. Ne3 Nf6 14. g4 b5 15. axb5 axb5 16. Rxa8 Qxa8 17. g5 Nfe8 18. Nxb5 Nxb5 19. Bxb5 Nc7 20. Bd3 e6 21. c4 Bxb2 22. f5 exf5 23. exf5 Bd4 24. Kh1 Re8 25. Re1 Qa3 26. Qc2 Na6 27. fxg6 hxg6 28. Bxg6 Rxe3 29. Bxf7+ Kxf7 30. Qh7+ Ke8 31. Bxe3 Bxe3 32. Qe4+ Kd8 33. Rxe3 Qa1+ 34. Re1 Qd4 35. Qxd4 cxd4 36. g6 1-0

[Event "Titled Tuesday intern op 01st Feb-A"]
[Site "Chess.com INT"]
[Date "2022.02.01"]
[Round "1"]
[White "Politov, Pavel Y"]
[Black "Barros Rivadeneira, Cristhian"]
[Result "0-1"]
[WhiteElo "2190"]
[BlackElo "2343"]
[PlyCount "84"]
[EventDate "2022.02.01"]
[EventType "swiss (blitz)"]
[EventRounds "11"]
[EventCountry "USA"]
[SourceTitle "CBM 206 Extra"]
[Source "ChessBase"]
[SourceDate "2022.03.31"]
[SourceVersion "1"]
[SourceVersionDate "2022.03.31"]
[SourceQuality "1"]

1. e4 c5 2. Nf3 Nc6 3. d4 cxd4 4. Nxd4 g6 5. c4 Bg7 6. Be3 Nf6 7. Nc3 0-0 8. Be2 d6 9. 0-0 Bd7 10. f3 Nxd4 11. Bxd4 a5 12. Qd2 Bc6 13. Rac1 Nd7 14. Be3 Nc5 15. Nb5 a4 16. Rfd1 Qa5 17. Qxa5 Rxa5 18. Rd2 Rc8 19. Rcd1 Raa8 20. Kf2 Na6 21. Nd4 Nb4 22. Nxc6 bxc6 23. c5 Nxa2 24. cxd6 exd6 25. Rxd6 Bxb2 26. Bc4 Nc3 27. R1d2 a3 28. Rd7 Rf8 29. Bc5 a2 30. Bxa2 Rxa2 31. Bxf8 Kxf8 32. Rb7 Ba3 33. Rxa2 Bc5+ 34. Kg3 Nxa2 35. Rb8+ Kg7 36. Rc8 Nb4 37. h3 h5 38. Kf4 Nd3+ 39. Kg3 Bd6+ 40. Kh4 Nf4 41. g3 Ng2+ 42. Kg5 Be7# 0-1

[Event "Olympiad-43"]
[Site "Batumi"]
[Date "2018.10.04"]
[Round "10.2"]
[White "Gomez, John Paul"]
[Black "Barros Rivadeneira, Cristhian"]
[Result "1/2-1/2"]
[WhiteElo "2464"]
[BlackElo "2345"]
[PlyCount "106"]
[EventDate "2018.09.24"]
[EventType "team-swiss"]
[EventRounds "11"]
[EventCountry "GEO"]
[SourceTitle "CBM 187"]
[Source "ChessBase"]
[SourceDate "2018.12.11"]
[SourceVersion "1"]
[SourceVersionDate "2018.12.11"]
[SourceQuality "1"]
[WhiteTeam "Philippines"]
[BlackTeam "Ecuador"]
[WhiteTeamCountry "PHI"]
[BlackTeamCountry "ECU"]

1. Nf3 Nf6 2. c4 g6 3. Nc3 c5 4. e4 d6 5. d4 cxd4 6. Nxd4 Nc6 7. Be2 Bg7 8. Be3 0-0 9. 0-0 Bd7 10. Qd2 Nxd4 11. Bxd4 Bc6 12. f3 a5 13. Rad1 Nd7 14. Bxg7 Kxg7 15. f4 Qb6+ 16. Kh1 Qc5 17. Nd5 Rae8 18. b3 Kg8 19. Bf3 Bxd5 20. exd5 Qb4 21. Rfe1 Qxd2 22. Rxd2 f5 23. Rde2 Rf7 24. Re3 Kf8 25. h3 Nc5 26. Kg1 Rb8 27. Be2 Ra8 28. Bd3 Nxd3 29. Rxd3 Rc8 30. Kf2 Ke8 31. Ke3 Kd7 32. Kd4 b6 33. h4 Rg7 34. Rg3 h6 35. Re6 Rcg8 36. Rge3 Rh7 37. Rh3 Rhg7 38. Rh1 Rf7 39. Ke3 Rfg7 40. Kf3 Rh7 41. Rhe1 Rhg7 42. Kf2 Rc8 43. a4 Rh8 44. R1e3 Rhg8 45. Rg3 Ke8 46. h5 gxh5 47. Rxg7 Rxg7 48. Rxh6 Rg4 49. g3 h4 50. Rh8+ Kf7 51. Rxh4 Rxh4 52. gxh4 Kg6 53. Kg3 Kh5 1/2-1/2

[Event "South America-ch U20 13th"]
[Site "Manta"]
[Date "2017.04.26"]
[Round "2"]
[White "Azua Avila, Vicente"]
[Black "Barros Rivadeneira, Cristhian"]
[Result "0-1"]
[WhiteElo "1935"]
[BlackElo "2357"]
[PlyCount "100"]
[EventDate "2017.04.25"]
[EventType "swiss"]
[EventRounds "9"]
[EventCountry "ECU"]
[SourceTitle "CBM 178 Extra"]
[Source "ChessBase"]
[SourceDate "2017.06.22"]
[SourceVersion "1"]
[SourceVersionDate "2017.06.22"]
[SourceQuality "1"]

1. e4 c5 2. c3 d5 3. exd5 Qxd5 4. d4 Nf6 5. Nf3 Bg4 6. Nbd2 Nc6 7. Bc4 Qd7 8. h3 Bxf3 9. Nxf3 cxd4 10. cxd4 e6 11. 0-0 Be7 12. Re1 Rc8 13. Qe2 0-0 14. Be3 Nd5 15. Rad1 Bb4 16. Rf1 Rfd8 17. a3 Be7 18. Bd3 g6 19. Bb1 Qc7 20. Bc1 Bf6 21. Qe4 Rd7 22. Qg4 Rcd8 23. h4 h5 24. Qe4 Nde7 25. Be3 Nf5 26. Rd2 Ncxd4 27. Nxd4 Nxd4 28. Rfd1 Nc6 29. g4 Rxd2 30. Rxd2 Rxd2 31. Bxd2 hxg4 32. Qxg4 Ne5 33. Qe2 Bxh4 34. Bc3 Bf6 35. Be4 Nd7 36. Bb4 Qc1+ 37. Kg2 b6 38. Qd3 Nc5 39. Qc2 Qg5+ 40. Kf1 Nxe4 41. Qxe4 Qc1+ 42. Kg2 Bxb2 43. Be7 Qc8 44. Qf3 Qd7 45. Qa8+ Kh7 46. Qf8 Qd5+ 47. f3 Qf5 48. Qb8 Be5 49. Qxa7 Qc2+ 50. Kh3 Qh2+ 0-1

[Event "Olympiad-42"]
[Site "Baku"]
[Date "2016.09.10"]
[Round "8.2"]
[White "Roselli Mailhe, Bernardo"]
[Black "Barros Rivadeneira, Cristhian"]
[Result "1/2-1/2"]
[WhiteElo "2434"]
[BlackElo "2351"]
[PlyCount "107"]
[EventDate "2016.09.02"]
[EventType "team-swiss"]
[EventRounds "11"]
[EventCountry "AZE"]
[SourceTitle "CBM 175"]
[Source "ChessBase"]
[SourceDate "2016.11.10"]
[SourceVersion "1"]
[SourceVersionDate "2016.11.10"]
[SourceQuality "1"]
[WhiteTeam "Uruguay"]
[BlackTeam "Ecuador"]
[WhiteTeamCountry "URU"]
[BlackTeamCountry "ECU"]

1. d4 Nf6 2. c4 c5 3. d5 b5 4. cxb5 a6 5. bxa6 g6 6. Nc3 Bxa6 7. Nf3 Bg7 8. e4 Bxf1 9. Kxf1 d6 10. g3 0-0 11. Kg2 Nbd7 12. a4 Ra6 13. Re1 Qa8 14. Qc2 Rb8 15. b3 Ne8 16. Rb1 Nc7 17. Nd2 e6 18. dxe6 fxe6 19. Nf3 Rab6 20. Bf4 Qa6 21. Nd2 Bxc3 22. Qxc3 e5 23. Bh6 Rb4 24. Qf3 Ne6 25. Qg4 Re8 26. Nc4 Qc6 27. Qh4 Nd4 28. Ne3 Nxb3 29. Nd5 Qxd5 30. exd5 Rxh4 31. gxh4 c4 32. Re3 Ra8 33. f4 e4 34. f5 Rxa4 35. Rxe4 Ne5 36. fxg6 hxg6 37. Bf4 Ra2+ 38. Kh3 Nc5 39. Re3 Ncd3 40. Bxe5 Nxe5 41. Rb6 Rd2 42. Rxd6 Rd3 43. Rg3 Kf7 44. Kg2 c3 45. Rd7+ Kf6 46. Rc7 Rd2+ 47. Kh3 Nd3 48. Re3 Nf4+ 49. Kg3 Nxd5 50. Rc6+ Kg7 51. Rexc3 Nxc3 52. Rxc3 Rd4 53. Ra3 Rb4 54. Rd3 1/2-1/2

[Event "Olympiad-42"]
[Site "Baku"]
[Date "2016.09.06"]
[Round "5.2"]
[White "Murtaza, Ali"]
[Black "Barros Rivadeneira, Cristhian"]
[Result "1/2-1/2"]
[WhiteElo "2111"]
[BlackElo "2351"]
[PlyCount "89"]
[EventDate "2016.09.02"]
[EventType "team-swiss"]
[EventRounds "11"]
[EventCountry "AZE"]
[SourceTitle "CBM 175"]
[Source "ChessBase"]
[SourceDate "2016.11.10"]
[SourceVersion "1"]
[SourceVersionDate "2016.11.10"]
[SourceQuality "1"]
[WhiteTeam "Pakistan"]
[BlackTeam "Ecuador"]
[WhiteTeamCountry "PAK"]
[BlackTeamCountry "ECU"]

1. e4 c5 2. Nf3 d6 3. d4 cxd4 4. Nxd4 Nf6 5. Nc3 a6 6. Rg1 e5 7. Nb3 Be6 8. g4 d5 9. exd5 Nxd5 10. Nxd5 Qxd5 11. Qxd5 Bxd5 12. Be3 Nc6 13. 0-0-0 0-0-0 14. Bb6 Rd7 15. g5 Be7 16. Nc5 Bxc5 17. Bxc5 Kc7 18. h4 Rhd8 19. Re1 Bf3 20. Bd3 b6 21. Ba3 Rd4 22. Re3 e4 23. Be2 Ne5 24. b3 Bxe2 25. Rxe2 Nf3 26. Rg4 e3 27. Rxd4 Rxd4 28. Rxe3 Rf4 29. Bb2 g6 30. Bf6 Kc6 31. Re7 Nxh4 32. Rxf7 Rxf2 33. Rxh7 Nf5 34. Kb1 Rg2 35. Rh8 Ne3 36. Rg8 Kd5 37. Rxg6 Nxc2 38. Be7 b5 39. Rxa6 b4 40. g6 Ke4 41. Kc1 Kd3 42. Rd6+ Nd4 43. Bh4 Rg1+ 44. Kb2 Rg2+ 45. Kc1 1/2-1/2

[Event "Capablanca Memorial op 51st"]
[Site "Varadero"]
[Date "2016.06.10"]
[Round "2"]
[White "Barros Rivadeneira, Cristhian"]
[Black "Diaz Perez, Michel Alejandro"]
[Result "0-1"]
[WhiteElo "2283"]
[BlackElo "2404"]
[PlyCount "42"]
[EventDate "2016.06.09"]
[EventType "swiss"]
[EventRounds "10"]
[EventCountry "CUB"]
[SourceTitle "EXT 2017"]
[Source "ChessBase"]
[SourceDate "2016.10.25"]
[SourceVersion "1"]
[SourceVersionDate "2016.10.25"]
[SourceQuality "1"]

1. c4 e5 2. Nc3 Nf6 3. g3 d5 4. cxd5 Nxd5 5. Bg2 Nb6 6. Nf3 Nc6 7. d3 Be7 8. 0-0 0-0 9. a3 Re8 10. b4 Bf8 11. Bb2 a5 12. b5 Nd4 13. Nd2 c6 14. bxc6 Nxc6 15. Na4 Nxa4 16. Qxa4 Bd7 17. Rfc1 Nd4 18. Qd1 Bg4 19. Bxd4 exd4 20. Bf3 Bxf3 21. Nxf3 a4 0-1

[Event "ECU pre olympic"]
[Site "Duran"]
[Date "2016.05.11"]
[Round "5"]
[White "Barros Rivadeneira, Cristhian"]
[Black "Munoz Sanchez, Miguel Angel"]
[Result "1-0"]
[WhiteElo "2298"]
[BlackElo "2309"]
[PlyCount "89"]
[EventDate "2016.05.09"]
[EventType "tourn"]
[EventRounds "11"]
[EventCountry "ECU"]
[SourceTitle "CBM 172 Extra"]
[Source "ChessBase"]
[SourceDate "2016.06.21"]
[SourceVersion "1"]
[SourceVersionDate "2016.06.21"]
[SourceQuality "1"]

1. e4 e5 2. Nf3 Nc6 3. Bb5 Nf6 4. 0-0 Nxe4 5. d4 Nd6 6. Bxc6 dxc6 7. dxe5 Nf5 8. Qxd8+ Kxd8 9. Rd1+ Ke8 10. b3 h6 11. Ba3 c5 12. Nc3 Bd7 13. Nd5 Rc8 14. c4 Ne7 15. Bxc5 Nxd5 16. Bxf8 Nc3 17. Bxg7 Rg8 18. Rxd7 Ne2+ 19. Kf1 Kxd7 20. e6+ Kxe6 21. Bxh6 Nc3 22. Bd2 Ne4 23. Re1 f5 24. Ng5+ Kf6 25. Nxe4+ fxe4 26. Rxe4 Rcd8 27. Re2 Rde8 28. Be3 a6 29. h4 b5 30. cxb5 axb5 31. Rc2 Ra8 32. g3 Ke6 33. Kg2 Kd7 34. h5 Ra6 35. h6 Re8 36. Bf4 Rc6 37. Rd2+ Ke7 38. Rd5 Kf7 39. Rxb5 Rc2 40. Kf3 Rxa2 41. Bxc7 Kg6 42. Bf4 Re7 43. Rb6+ Kf7 44. g4 Raa7 45. g5 1-0

[Event "Bogota University op 9th"]
[Site "Bogota"]
[Date "2015.10.11"]
[Round "7"]
[White "Barros Rivadeneira, Cristhian"]
[Black "Dominguez Rincon, Miller Duvan"]
[Result "1-0"]
[WhiteElo "2325"]
[BlackElo "2091"]
[PlyCount "47"]
[EventDate "2015.10.08"]
[EventType "swiss"]
[EventRounds "9"]
[EventCountry "COL"]
[SourceTitle "CBM 168 Extra"]
[Source "ChessBase"]
[SourceDate "2015.10.29"]
[SourceVersion "1"]
[SourceVersionDate "2015.10.29"]
[SourceQuality "1"]

1. e4 e5 2. Nf3 Nc6 3. Bb5 a6 4. Ba4 Nf6 5. 0-0 b5 6. Bb3 Bb7 7. Re1 Be7 8. c3 0-0 9. d4 d6 10. Nbd2 h6 11. Nf1 Re8 12. Ng3 Bf8 13. Bc2 exd4 14. cxd4 Nb4 15. Bb1 c5 16. a3 Nc6 17. d5 Ne7 18. h4 Ng6 19. h5 Ne5 20. Nxe5 Rxe5 21. b3 Nd7 22. Bb2 Qh4 23. Nf5 Qg5 24. f4 1-0

[Event "Bogota University op 9th"]
[Site "Bogota"]
[Date "2015.10.10"]
[Round "5"]
[White "Alvarez Pedraza, Aramis"]
[Black "Barros Rivadeneira, Cristhian"]
[Result "1-0"]
[WhiteElo "2471"]
[BlackElo "2325"]
[PlyCount "74"]
[EventDate "2015.10.08"]
[EventType "swiss"]
[EventRounds "9"]
[EventCountry "COL"]
[SourceTitle "CBM 168 Extra"]
[Source "ChessBase"]
[SourceDate "2015.10.29"]
[SourceVersion "1"]
[SourceVersionDate "2015.10.29"]
[SourceQuality "1"]

1. e4 c5 2. Nf3 Nc6 3. Bb5 g6 4. Nc3 Bg7 5. 0-0 Nf6 6. Bxc6 dxc6 7. h3 0-0 8. d3 Nd7 9. Be3 e5 10. Qd2 Re8 11. Nh2 Qe7 12. Bg5 f6 13. Bh6 Bh8 14. Kh1 Nf8 15. f4 exf4 16. Bxf4 Be6 17. Rf2 Nd7 18. Raf1 Rf8 19. Qe3 Bg7 20. Qg3 Rf7 21. Nf3 Re8 22. Nd1 Qd8 23. b3 b5 24. h4 Qa5 25. h5 g5 26. Bd2 Qxa2 27. Bc3 h6 28. Ne3 Qa6 29. Nh2 c4 30. Nhg4 cxd3 31. cxd3 Bxg4 32. Nxg4 Qa3 33. Bxf6 Nxf6 34. Rxf6 Rxf6 35. Nxf6+ Bxf6 36. Qc7 Rf8 37. Qxc6 Bg7 1-0

[Event "Bogota University op 9th"]
[Site "Bogota"]
[Date "2015.10.09"]
[Round "4"]
[White "Barros Rivadeneira, Cristhian"]
[Black "Almeida Quintana, Omar"]
[Result "1/2-1/2"]
[WhiteElo "2325"]
[BlackElo "2526"]
[PlyCount "72"]
[EventDate "2015.10.08"]
[EventType "swiss"]
[EventRounds "9"]
[EventCountry "COL"]
[SourceTitle "CBM 168 Extra"]
[Source "ChessBase"]
[SourceDate "2015.10.29"]
[SourceVersion "1"]
[SourceVersionDate "2015.10.29"]
[SourceQuality "1"]

1. c4 g6 2. Nc3 Bg7 3. g3 c5 4. Bg2 Nc6 5. d3 e6 6. Nf3 Nge7 7. 0-0 0-0 8. a3 d6 9. Rb1 b6 10. Bd2 Bb7 11. b4 Qd7 12. Qa4 Rfd8 13. Rfc1 h6 14. Nd1 f5 15. Bc3 e5 16. Ne3 Nd4 17. Qxd7 Rxd7 18. Bxd4 cxd4 19. Nc2 Rc8 20. b5 d5 21. Nd2 Rdc7 22. Nb4 e4 23. Rd1 e3 24. cxd5 exd2 25. d6 Rc1 26. dxe7 Rxb1 27. e8Q+ Kh7 28. Rxb1 Rc1+ 29. Rxc1 dxc1Q+ 30. Bf1 Qxa3 31. Nc6 Qd6 32. Bg2 h5 33. h4 a5 34. bxa6 Bxa6 35. Ne7 Bb5 36. Qxb5 Qxe7 1/2-1/2

[Event "Pan American-ch U18"]
[Site "Cali"]
[Date "2015.07.02"]
[Round "7"]
[White "Ruiz Castillo, Joshua Daniel"]
[Black "Barros Rivadeneira, Cristhian"]
[Result "1-0"]
[WhiteElo "2417"]
[BlackElo "2334"]
[PlyCount "87"]
[EventDate "2015.06.28"]
[EventType "swiss"]
[EventRounds "9"]
[EventCountry "COL"]
[SourceTitle "EXT 2016"]
[Source "ChessBase"]
[SourceDate "2015.10.08"]
[SourceVersion "1"]
[SourceVersionDate "2015.10.08"]
[SourceQuality "1"]

1. e4 c5 2. Nf3 Nc6 3. d4 cxd4 4. Nxd4 g6 5. c4 Bg7 6. Be3 Nf6 7. Nc3 0-0 8. Be2 d6 9. 0-0 Bd7 10. h3 Nxd4 11. Bxd4 Bc6 12. Qc2 a5 13. Rad1 Qc7 14. f4 Nd7 15. Bxg7 Kxg7 16. b3 Kg8 17. Qb2 Nc5 18. Nd5 Bxd5 19. exd5 Qb6 20. Kh2 Na4 21. Qd2 Nc5 22. Rf3 Rfc8 23. Re3 Qd8 24. Bg4 f5 25. Bxf5 gxf5 26. Rg3+ Kf7 27. Qe2 Qh8 28. Qh5+ Kf8 29. Qxf5+ Ke8 30. Re1 Kd8 31. Qf7 Kc7 32. Qxe7+ Kb6 33. Qxd6+ Ka7 34. Re7 Qd4 35. Qe5 Qxe5 36. fxe5 Re8 37. Rgg7 Rxe7 38. Rxe7 Kb6 39. Rxh7 a4 40. b4 Nd3 41. e6 Nxb4 42. Rd7 Re8 43. e7 Kc5 44. a3 1-0